| 000 -LEADER | |
|---|---|
| fixed length control field | 00422nam a22001697a 4500 |
| 005 - DATE AND TIME OF LATEST TRANSACTION | |
| control field | 20180530122530.0 |
| 008 - FIXED-LENGTH DATA ELEMENTS--GENERAL INFORMATION | |
| fixed length control field | 160521b xxu||||| |||| 00| 0 eng d |
| 020 ## - INTERNATIONAL STANDARD BOOK NUMBER | |
| ISBN | 81-203-1741-6 |
| 041 ## - LANGUAGE CODE | |
| Language code of text/sound track or separate title | eng |
| 082 ## - DEWEY DECIMAL CLASSIFICATION NUMBER | |
| Item number | 3950 |
| Classification number | 519.5 |
| 100 ## - MAIN ENTRY--AUTHOR NAME | |
| Personal name | Sharma K.V.S. |
| 245 ## - TITLE STATEMENT | |
| Title | Statistics made simple do it yourself on PC |
| 260 ## - PUBLICATION, DISTRIBUTION, ETC. (IMPRINT) | |
| Place of publication | Delhi |
| Name of publisher | Pearson Education, |
| 300 ## - PHYSICAL DESCRIPTION | |
| Number of Pages | 257 |
| 650 ## - SUBJECT ADDED ENTRY--TOPICAL TERM | |
| Topical Term | Management |
| 942 ## - ADDED ENTRY ELEMENTS (KOHA) | |
| Koha item type | Books |
| Lost status | Damaged status | Collection code | Home library | Current library | Shelving location | Date acquired | Source of acquisition | Cost, normal purchase price | Full call number | Accession Number | Koha item type |
|---|---|---|---|---|---|---|---|---|---|---|---|
| MANAGEMENT | JRU Library | JRU Library | SHELF-75-F | 21/05/2016 | PURCHASE | 175.00 | 519.5 | 3950 | Books | ||
| PHARMACY | JRU Library | JRU Library | SHELF - 17 - I | 21/05/2016 | 175.00 | 519.5 | 3951 | Books | |||
| MANAGEMENT | JRU Library | JRU Library | SHELF-75-F | 21/05/2016 | PURCHASE | 175.00 | 519.5 | 3952 | Books | ||
| MANAGEMENT | JRU Library | JRU Library | SHELF-75-F | 21/05/2016 | PURCHASE | 175.00 | 519.5 | 3953 | Books | ||
| MANAGEMENT | JRU Library | JRU Library | SHELF-75-F | 21/05/2016 | PURCHASE | 175.00 | 519.5 | 3954 | Books | ||
| MANAGEMENT | JRU Library | JRU Library | SHELF-75-F | 21/05/2016 | 175.00 | 519.5 | 3955 | Books | |||
| MANAGEMENT | JRU Library | JRU Library | SHELF-75-F | 21/05/2016 | PURCHASE | 175.00 | 519.5 | 3956 | Books | ||
| Reference | JRU Library | SHELF-29-E | 21/05/2016 | 175.00 | 519.5 | 3957 | Books |